|
|
|
|
| LEADER |
03129nam a2200685 ia4500 |
| 001 |
nkc20213369267 |
| 003 |
CZ PrNK |
| 005 |
20221005134258.0 |
| 007 |
ta |
| 008 |
211102s2019 xr ah c p 000 0 cze |
| 015 |
|
|
|a cnb003369267
|
| 020 |
|
|
|a 978-80-270-5107-6
|q (Moravský rybářský svaz ;
|q v knize neuvedeno ;
|q brožováno)
|z 978-80-270-4884-7
|
| 035 |
|
|
|a (OCoLC)1347066376
|
| 040 |
|
|
|a OLA001
|b cze
|d ABA001
|e rda
|
| 072 |
|
7 |
|a 799
|x Sportovní rybolov. Lovecký sport. Sportovní střelba
|2 Konspekt
|9 20
|
| 072 |
|
7 |
|a 37.016
|x Učební osnovy. Vyučovací předměty. Učebnice
|2 Konspekt
|9 22
|
| 080 |
|
|
|a 799.1
|2 MRF
|
| 080 |
|
|
|a 639.2.052.2
|2 MRF
|
| 080 |
|
|
|a 581.9(204)
|2 MRF
|
| 080 |
|
|
|a 591.9(204)
|2 MRF
|
| 080 |
|
|
|a 639.21
|2 MRF
|
| 080 |
|
|
|a (075)
|2 MRF
|
| 080 |
|
|
|a (076.1)
|2 MRF
|
| 100 |
1 |
|
|a Grmela, Jan
|7 mzk20191020636
|4 aut
|
| 245 |
1 |
0 |
|a Rybářský kroužek I /
|c Jan Grmela, Lukáš Mareš, Lukáš Jurek
|
| 264 |
|
1 |
|a Brno :
|b Moravský rybářský svaz, z.s.,
|c 2019
|
| 300 |
|
|
|a 2 svazky :
|b ilustrace (převážně barevné), faksimile ;
|c 30 cm
|
| 336 |
|
|
|a text
|b txt
|2 rdacontent
|
| 337 |
|
|
|a bez média
|b n
|2 rdamedia
|
| 338 |
|
|
|a svazek
|b nc
|2 rdacarrier
|
| 500 |
|
|
|a Název z obálky
|
| 500 |
|
|
|a Vydáno ve spolupráci s Mendelovou univerzitou v Brně, oddělení rybářství a hydrobiologie
|
| 500 |
|
|
|a 5000 výtisků
|
| 505 |
0 |
|
|a Učebnice pro získání prvního rybářského lístku. 84 stran -- Pracovní sešit. 40 stran
|
| 650 |
0 |
7 |
|a sportovní rybolov
|7 ph116253
|2 czenas
|
| 650 |
0 |
7 |
|a sladkovodní rybolov
|7 ph135033
|2 czenas
|
| 650 |
0 |
7 |
|a vodní rostliny
|7 ph127164
|2 czenas
|
| 650 |
0 |
7 |
|a vodní živočichové
|7 ph116601
|2 czenas
|
| 650 |
0 |
7 |
|a sladkovodní ryby
|7 ph116170
|2 czenas
|
| 650 |
0 |
9 |
|a sport fishing
|2 eczenas
|
| 650 |
0 |
9 |
|a freshwater fishing
|2 eczenas
|
| 650 |
0 |
9 |
|a water plants
|2 eczenas
|
| 650 |
0 |
9 |
|a aquatic animals
|2 eczenas
|
| 650 |
0 |
9 |
|a freshwater fishes
|2 eczenas
|
| 655 |
|
7 |
|a učebnice
|7 fd133770
|2 czenas
|
| 655 |
|
7 |
|a pracovní sešity
|7 fd133116
|2 czenas
|
| 655 |
|
9 |
|a textbooks
|2 eczenas
|
| 655 |
|
9 |
|a activity books
|2 eczenas
|
| 700 |
1 |
|
|a Mareš, Lukáš
|7 pna2017951130
|4 aut
|
| 700 |
1 |
|
|a Jurek, Lukáš
|7 ola20211130848
|4 aut
|
| 710 |
2 |
|
|a Mendelova univerzita.
|b Ústav zoologie, rybářství, hydrobiologie a včelařství.
|b Oddělení rybářství a hydrobiologie
|7 olak2015856151
|4 res
|
| 910 |
2 |
|
|a BOA001
|b 4-1478.384
|s učebnice, pracovní sešit
|
| 928 |
9 |
|
|a Mendelova univerzita v Brně, oddělení rybářství a hydrobiologie
|
| 990 |
|
|
|a BK
|
| 995 |
|
|
|a 01
|
| 991 |
|
|
|b 202201
|c NOV
|
| 996 |
6 |
|
|b 2610888476
|c 4-1478.384
|d 1, učebnice
|v 1
|l MZK
|r Sklad / do 1 hodiny
|n 0
|p p.v.
|w 001872318
|u 000010
|a 1
|e BOA001
|j MZK50
|s P
|
| 996 |
7 |
|
|b 2610888477
|c 4-1478.384
|d 1, učebnice
|v 1
|l MZK
|r Sklad / do 1 hodiny
|n 1
|p p.v.
|w 001872318
|u 000020
|a 1
|e BOA001
|j MZK50
|s A
|
| 996 |
6 |
|
|b 2610888478
|c 4-1478.384
|d 2, pracovní sešit
|v 2
|l MZK
|r Sklad / do 1 hodiny
|n 0
|p p.v.
|w 001872318
|u 000030
|a 1
|e BOA001
|j MZK50
|s P
|
| 996 |
7 |
|
|b 2610888479
|c 4-1478.384
|d 2, pracovní sešit
|v 2
|l MZK
|r Sklad / do 1 hodiny
|n 1
|p p.v.
|w 001872318
|u 000040
|a 1
|e BOA001
|j MZK50
|s A
|